Star Wars Knights of the Old Republic Companions - Statistics

General Stats
  • This quiz has been taken 52 times
    51 since last reset
  • The average score is 15 of 18
Answer Stats
Hint Answer % Correct
KOTOR 1/2 HK47
100%
KOTOR 1 Mission Vao
100%
KOTOR 1 Zaalbar
100%
KOTOR 1/2 Canderous Ordo/Mandalore
98%
KOTOR 1 Carth Onasi
98%
KOTOR 1 Bastila Shan
96%
KOTOR 1 Juhani
96%
KOTOR 1 Jolee Bindo
93%
KOTOR 1/2 T3M4
87%
KOTOR 2 Kreia
83%
KOTOR 2 Atton Rand
78%
KOTOR 2 Handmaiden/Brianna
74%
KOTOR 2 Visas Marr
74%
KOTOR 2 G0T0/GOTO
72%
KOTOR 2 Mira
72%
KOTOR 2 Bao-Dur
65%
KOTOR 2 Disciple/Mical
65%
KOTOR 2 Hanharr
61%
No matching quizzes found
Score Distribution
Percent of People with Each Score
Percentile by Number Answered
Your Score History
You have not taken this quiz since the last reset